000 00854nam a2200229Ia 4500
999 _c39318
_d39318
001 5904
003 GE_BSU
005 20190821133939.0
008 181216s1980||||ge |||||||||||||| ||geo||
040 _cGE_BSU
041 _ageo
080 _a821.353.1-1 ა-13
100 _aაბაშიძე, გრიგოლ
_91383
245 _aრჩეული :
_bლექსები და პოემები /
_cგრიგოლ აბაშიძე ; რედ. თ. აბულაძე.
264 _aთბილისი :
_bსაბჭოთა საქართველო ;
_c1980.
300 _a386 გვ. ;
_c22 სმ.
653 _aრჩეული
653 _aლექსები
653 _aპოემები
700 _aაბულაძე, თ.
_eრედაქტორი
_93718
942 _cBK
_2udc